Význam štruktúry účtovnej závierky poisťovne pre používateľov
Autorky sa v príspevku zameriavajú na účtovnú závierku poisťovne, ktorá zmenila štruktúru výkazov účtovnej závierky, poukazujú na položky, ktorých sa uvedená zmena najviac dotkla. V závere príspevku vyhodnocujú dopad zmien na používateľov informácii z údajov účtovnej závierky.
Salvato in:
| Autore principale: | |
|---|---|
| Altri autori: | |
| Natura: | Capitolo di libro |
| Lingua: | slovacco |
| Soggetti: | |
| Tags: |
Nessun Tag, puoi essere il primo ad aggiungerne!!
|
MARC
| LEADER | 00000nla a2200000 4500 | ||
|---|---|---|---|
| 001 | 0209652 | ||
| 005 | 20240502073503.0 | ||
| 041 | 0 | |a slo | |
| 044 | |a SK | ||
| 245 | 1 | 0 | |a Význam štruktúry účtovnej závierky poisťovne pre používateľov |c Zuzana Juhászová, Oľga Kadlečíková |
| 520 | |a Autorky sa v príspevku zameriavajú na účtovnú závierku poisťovne, ktorá zmenila štruktúru výkazov účtovnej závierky, poukazujú na položky, ktorých sa uvedená zmena najviac dotkla. V závere príspevku vyhodnocujú dopad zmien na používateľov informácii z údajov účtovnej závierky. | ||
| 610 | 2 | 0 | |a poisťovne komerčné |
| 610 | 2 | 0 | |a závierka účtovná |
| 610 | 2 | 0 | |a výkazy účtovné |
| 100 | 1 | |a Juhászová, Zuzana, 1970- | |
| 700 | 1 | |a Kadlečíková, Oľga, 1973- | |